Els Carrers del territori : 150 anys de carreteras locals / [direcció: Teresa Navas Ferrer] 150 anys de carreteras locals / [direcció:
ISBN:
9788498035032
Descripción Física:
84 p. : il., map. fot. ; 24 cm
Otros Autores:
Navas i Ferrer, Teresa
MARC
| LEADER | 00000nam a2200000Ia 4500 | ||
|---|---|---|---|
| 001 | 23744 | ||
| 008 | 160829s2012 xx 000 0 cat d | ||
| 020 | |a 9788498035032 | ||
| 080 | |a Bib-29 | ||
| 245 | |a Els Carrers del territori : |b 150 anys de carreteras locals / [direcció: |b Teresa Navas Ferrer] | ||
| 260 | |a Barcelona : |b Diputació de Barcelona, |c 2012 | ||
| 300 | |a 84 p. : |b il., map. fot. ; |c 24 cm | ||
| 500 | 9 | 0 | |a Hi ha un duplicat: DUP-367 (a sala de consulta) |
| 590 | |a Bibliografia | ||
| 650 | 0 | |a Carreteres |z Barcelona (Província) |x Història |9 37208 | |
| 700 | 1 | |a Navas i Ferrer, Teresa |9 49704 | |
| 710 | 1 | |a Barcelona (Catalunya : Província). |b Diputació |9 52408 | |
| 901 | |a Arxiu | ||
| 942 | |n 1 |2 udc | ||
| 952 | |0 0 |1 0 |4 0 |6 BIB29 |7 1 |9 55543 |a Arxiu |b Arxiu |d 2016-12-01 |l 0 |o Bib-29 |p 23744 |r 2016-12-01 00:00:00 |w 2016-12-01 |y ARXIU | ||
| 999 | |c 59416 |d 59416 | ||